000 00393pab a2200145 454500
008 180718b2014 xxu||||| |||| 00| 0 eng d
100 _aShukla, Madhukar
245 _aDemocratizing information in India: Role of community radios as a developmental intervention
260 _c2014
300 _ap.349-352.
362 _aDec
650 _aLocal press
773 _aVision
909 _a107247
999 _c107242
_d107242